[Event "GER-chT U10"]
[Site "Magdeburg"]
[Date "2013.12.28"]
[Round "4.4"]
[White "Schauties, Nico Antonio"]
[Black "Peters, Moritz"]
[Result "1-0"]
[WhiteElo "600"]
[BlackElo "799"]
[PlyCount "67"]
[EventDate "2013.12.27"]
[EventType "team-swiss"]
[EventRounds "5"]
[EventCountry "GER"]
[SourceTitle "EXT 2015"]
[Source "ChessBase"]
[SourceDate "2014.11.20"]
[SourceVersion "1"]
[SourceVersionDate "2014.11.20"]
[SourceQuality "1"]
[WhiteTeam "Treptow"]
[BlackTeam "Ende"]
[WhiteTeamCountry "GER"]
[BlackTeamCountry "GER"]

1. e4 e5 2. Nf3 Nc6 3. Bc4 Bd6 4. Nc3 Nge7 5. d3 0-0 6. Bg5 h6 7. Be3 a6 8. Qd2 Bb4 9. a3 Bxc3 10. Qxc3 d6 11. h3 a5 12. 0-0 b6 13. d4 d5 14. exd5 Nxd5 15. Bxd5 Qxd5 16. dxe5 Nxe5 17. Nxe5 Qe4 18. Rad1 Bb7 19. Nf3 Rad8 20. Bd4 Rd5 21. Rfe1 Qg6 22. Re2 Qc6 23. Qxc6 Bxc6 24. Rde1 Rb5 25. b3 Rf5 26. Re3 b5 27. Rc3 Rf6 28. Bxf6 gxf6 29. Rxc6 Rc8 30. Rxf6 Kg7 31. Ra6 b4 32. Rxa5 bxa3 33. Rxa3 c5 34. Re4 1-0